000 01322cam a2200349 a 4500
001 15042066
005 20170105102842.0
008 071012s2008 nyu b 001 0 eng
010 _a 2007042359
020 _a9780814474501
020 _a0814474500
035 _a(OCoLC)ocn176648861
035 _a(OCoLC)176648861
040 _aDLC
_cDLC
_dBTCTA
_dBAKER
_dYDXCP
_dC#P
_dDLC
043 _an-us-fl
050 0 0 _aHV6698.F6
_bS35 2008
082 0 0 _a364.16/3
_222
100 1 _aSchilling, John W.
245 1 0 _aUndercover :
_bhow I went from company man to FBI spy--and exposed the worst healthcare fraud in U.S. history /
_cJohn W. Schilling.
260 _aNew York :
_bAmerican Management Association,
_cc2008.
300 _axiii, 288 p. ;
_c24 cm.
504 _aIncludes bibliographical references and index.
600 1 0 _aSchilling, John W.
610 2 0 _aColumbia/HCA Healthcare Corporation
_xCorrupt practices.
650 0 _aFraud investigation
_zFlorida.
650 0 _aMedicare fraud
_zFlorida.
650 0 _aWhistle blowing
_zFlorida.
856 4 1 _3Table of contents only
_uhttp://www.loc.gov/catdir/toc/ecip082/2007042359.html
906 _a7
_bcbc
_corignew
_d1
_eecip
_f20
_gy-gencatlg
942 _2ddc
_cBK
999 _c13930
_d13930